La Ley de protección al trabajador y la Caja Costarricense de Seguro Social /
Αποθηκεύτηκε σε:
| Κύριος συγγραφέας: | |
|---|---|
| Μορφή: | Κείμενο |
| Θέματα: | |
| Ετικέτες: |
Προσθήκη ετικέτας
Δεν υπάρχουν, Καταχωρήστε ετικέτα πρώτοι!
|
MARC
| LEADER | 00000 a a2200000 04500 | ||
|---|---|---|---|
| 001 | 8285 | ||
| 003 | |||
| 040 | |||
| 100 | |a Carrillo Cubillo, Ubaldo | ||
| 245 | |a La Ley de protección al trabajador y la Caja Costarricense de Seguro Social / |c Ubaldo Carrillo Cubillo | ||
| 650 | |a LEGISLACION DEL TRABAJO | ||
| 650 | |a BIENESTAR SOCIAL | ||
| 650 | |a PENSIONES DE JUBILACION | ||
| 650 | |a SEGURIDAD SOCIAL | ||
| 650 | |a SEGURO DE VIDA | ||
| 650 | |a COSTA RICA | ||
| 773 | |g volumen 8, número 2; páginas 21-23 | ||
| 999 | |c 40092 |d 40092 | ||
